[Event "Olympiad Women-43"]
[Site "Batumi"]
[Date "2018.10.02"]
[Round "8.4"]
[White "Vaishali, Nrendra Salavkar"]
[Black "Joao, Delfina"]
[Result "0-1"]
[WhiteElo "1357"]
[BlackElo "1556"]
[PlyCount "102"]
[EventDate "2018.09.24"]
[EventType "team-swiss"]
[EventRounds "11"]
[EventCountry "GEO"]
[SourceTitle "EXT 2020"]
[Source "ChessBase"]
[SourceDate "2019.10.17"]
[SourceVersion "1"]
[SourceVersionDate "2019.10.17"]
[SourceQuality "1"]
[WhiteTeam "IBCA (W)"]
[BlackTeam "Angola (W)"]
[BlackTeamCountry "ANG"]

1. e4 e6 2. d4 d5 3. Nc3 Bb4 4. e5 c5 5. Bd2 cxd4 6. Nb5 Bc5 7. Qg4 g6 8. Nf3 Nc6 9. Qf4 a6 10. Nbxd4 Qb6 11. Bc3 Nge7 12. 0-0-0 Nxd4 13. Bxd4 Bxd4 14. Nxd4 Nc6 15. Qe3 Bd7 16. f4 Rc8 17. Qd2 Nb4 18. Kb1 Rc5 19. c3 Nc6 20. Nxc6 Rxc6 21. Rc1 Rc7 22. Bd3 Bb5 23. Bxb5+ Qxb5 24. Rc2 Ke7 25. Rhc1 Rhc8 26. g3 a5 27. Qe2 Qxe2 28. Rxe2 d4 29. Rec2 dxc3 30. Rxc3 Rxc3 31. Rxc3 Rxc3 32. bxc3 f6 33. Kc2 fxe5 34. fxe5 Kd7 35. Kd3 Kc6 36. Kd4 b5 37. a3 h6 38. h3 Kb6 39. h4 Kc6 40. g4 Kb6 41. c4 b4 42. c5+ Kb5 43. a4+ Kc6 44. Kc4 g5 45. h5 b3 46. Kxb3 Kxc5 47. Kc3 Kd5 48. Kd3 Kxe5 49. Ke3 Kd5 50. Kd3 e5 51. Ke3 e4 0-1

[Event "Africa-ch U18 Girls"]
[Site "Cairo"]
[Date "2017.12.09"]
[Round "9.1"]
[White "Gamal Eldin, Zeinab"]
[Black "Joao, Delfina"]
[Result "1-0"]
[WhiteElo "1768"]
[BlackElo "1653"]
[PlyCount "70"]
[EventDate "2017.12.03"]
[EventType "tourn"]
[EventRounds "9"]
[EventCountry "EGY"]
[SourceTitle "EXT 2024"]
[Source "ChessBase"]
[SourceDate "2023.10.10"]
[SourceVersion "1"]
[SourceVersionDate "2023.10.10"]
[SourceQuality "1"]

1. e4 e6 2. f4 d5 3. e5 c5 4. c3 Nc6 5. Nf3 Qb6 6. Na3 Bd7 7. Nc2 Nge7 8. Rb1 Nf5 9. Bd3 Rd8 10. Bxf5 exf5 11. d3 Be6 12. 0-0 Qc7 13. d4 cxd4 14. cxd4 Be7 15. h3 Rc8 16. Ne3 Na5 17. Bd2 Nc6 18. g4 Qd7 19. g5 Qd8 20. Rf2 h6 21. h4 f6 22. exf6 Bxf6 23. gxf6 Qxf6 24. Bc3 Rc7 25. Qe2 Rd7 26. Re1 Re7 27. b4 Qf7 28. b5 Nd8 29. Bb4 Rd7 30. Ne5 Qf6 31. Nxd7 Kxd7 32. Qc2 Qxh4 33. Qc5 Nf7 34. Nxd5 Qg3+ 35. Rg2 Qf2+ 1-0

[Event "Olympiad Women-42"]
[Site "Baku"]
[Date "2016.09.13"]
[Round "11.3"]
[White "Nepando, Jolly"]
[Black "Joao, Delfina"]
[Result "0-1"]
[WhiteElo "1517"]
[BlackElo "1659"]
[PlyCount "50"]
[EventDate "2016.09.02"]
[EventType "team-swiss"]
[EventRounds "11"]
[EventCountry "AZE"]
[SourceTitle "CBM 174 Extra"]
[Source "ChessBase"]
[SourceDate "2016.10.10"]
[SourceVersion "1"]
[SourceVersionDate "2016.10.10"]
[SourceQuality "1"]
[WhiteTeam "Namibia (W)"]
[BlackTeam "Angola (W)"]
[WhiteTeamCountry "NAM"]
[BlackTeamCountry "ANG"]

1. e4 e6 2. Nf3 d5 3. exd5 exd5 4. d4 Bd6 5. c4 dxc4 6. Bxc4 Bg4 7. 0-0 Ne7 8. Qb3 f6 9. Bf7+ Kf8 10. Bc4 b6 11. d5 Nd7 12. Nd4 Nc5 13. Qe3 Be5 14. Nc3 Nf5 15. Nxf5 Bxf5 16. b4 Ne4 17. Bb2 Nxc3 18. Bxc3 Bxc3 19. Qxc3 Qd6 20. Rfe1 Kf7 21. Rac1 Rhe8 22. Bb3 Rxe1+ 23. Rxe1 Re8 24. Qxc7+ Qxc7 25. d6+ Kg6 0-1

[Event "Olympiad Women-42"]
[Site "Baku"]
[Date "2016.09.09"]
[Round "7.3"]
[White "Arbona Avila, Zaily M"]
[Black "Joao, Delfina"]
[Result "0-1"]
[WhiteElo "1535"]
[BlackElo "1659"]
[PlyCount "66"]
[EventDate "2016.09.02"]
[EventType "team-swiss"]
[EventRounds "11"]
[EventCountry "AZE"]
[SourceTitle "CBM 174 Extra"]
[Source "ChessBase"]
[SourceDate "2016.10.10"]
[SourceVersion "1"]
[SourceVersionDate "2016.10.10"]
[SourceQuality "1"]
[WhiteTeam "Aruba (W)"]
[BlackTeam "Angola (W)"]
[WhiteTeamCountry "ARN"]
[BlackTeamCountry "ANG"]

1. e4 e6 2. d4 d5 3. e5 c5 4. c3 Qb6 5. Nf3 Nc6 6. Bd3 cxd4 7. cxd4 Bd7 8. Bc2 Bb4+ 9. Nc3 Rc8 10. 0-0 Bxc3 11. bxc3 Na5 12. Rb1 Qc7 13. Ba4 b6 14. Bxd7+ Qxd7 15. Bd2 Nc4 16. Qb3 Qc6 17. Rfc1 Ne7 18. Bg5 Ng6 19. Rc2 0-0 20. g3 Rc7 21. Bc1 Rfc8 22. a4 Na5 23. Qb4 Qc4 24. Qa3 Qd3 25. Ne1 Qd1 26. Kf1 Qh5 27. Kg2 Nc6 28. Nf3 Qg4 29. Be3 Qe4 30. Rbc1 Nh4+ 31. gxh4 Qg4+ 32. Kf1 Qxf3 33. c4 Nxd4 0-1

[Event "Africa-ch U20 Girls"]
[Site "Victoria"]
[Date "2015.12.28"]
[Round "1"]
[White "Wafa, Shahenda"]
[Black "Joao, Delfina"]
[Result "1-0"]
[WhiteElo "2096"]
[BlackElo "1530"]
[PlyCount "73"]
[EventDate "2015.12.28"]
[EventType "swiss"]
[EventRounds "9"]
[EventCountry "SEY"]
[SourceTitle "CBM 170 Extra"]
[Source "ChessBase"]
[SourceDate "2016.02.25"]
[SourceVersion "1"]
[SourceVersionDate "2016.02.25"]
[SourceQuality "1"]

1. e4 e6 2. d4 d5 3. Nc3 Bb4 4. Nge2 Nf6 5. Bg5 h6 6. Bxf6 Qxf6 7. a3 Bxc3+ 8. Nxc3 Nc6 9. e5 Qe7 10. Be2 a6 11. 0-0 Qh4 12. f4 Bd7 13. b4 Na7 14. a4 c6 15. b5 axb5 16. axb5 0-0 17. b6 Nb5 18. Nxb5 cxb5 19. Ra7 Rfc8 20. Qa1 Qd8 21. Rb1 Rab8 22. Bxb5 Bxb5 23. Rxb5 Rxc2 24. Rb2 Rc6 25. Qb1 Qc8 26. Ra1 Rc4 27. Rb4 Qc6 28. Rxc4 Qxc4 29. Qb2 Rc8 30. h3 Qd3 31. Ra3 Qd1+ 32. Kh2 Rc2 33. Qb5 Qxd4 34. Qe8+ Kh7 35. Qxf7 Qxb6 36. Kg3 Rxg2+ 37. Kxg2 1-0

[Event "Windhoek zt 4.3 (Women)"]
[Site "Windhoek"]
[Date "2014.06.23"]
[Round "1"]
[White "Bouah, Denise"]
[Black "Joao, Delfina"]
[Result "1-0"]
[WhiteElo "1869"]
[BlackElo "1527"]
[PlyCount "25"]
[EventDate "2014.06.23"]
[EventType "swiss"]
[EventRounds "9"]
[EventCountry "NAM"]
[SourceTitle "EXT 2015"]
[Source "ChessBase"]
[SourceDate "2014.11.20"]
[SourceVersion "1"]
[SourceVersionDate "2014.11.20"]
[SourceQuality "1"]

1. e4 e6 2. d4 d5 3. Nd2 Nf6 4. e5 Nfd7 5. f4 c5 6. c3 Qb6 7. Ndf3 Nc6 8. a3 cxd4 9. cxd4 Be7 10. h4 f6 11. Bd3 Nxd4 12. Nxd4 Qxd4 13. Bg6+ 1-0

[Event "Windhoek zt 4.3 (Women)"]
[Site "Windhoek"]
[Date "2014.06.23"]
[Round "2"]
[White "Joao, Delfina"]
[Black "Fisher, Michelle M"]
[Result "0-1"]
[WhiteElo "1527"]
[BlackElo "1676"]
[PlyCount "74"]
[EventDate "2014.06.23"]
[EventType "swiss"]
[EventRounds "9"]
[EventCountry "NAM"]
[SourceTitle "EXT 2015"]
[Source "ChessBase"]
[SourceDate "2014.11.20"]
[SourceVersion "1"]
[SourceVersionDate "2014.11.20"]
[SourceQuality "1"]

1. e4 c5 2. Nf3 Nc6 3. d4 cxd4 4. Nxd4 g6 5. Nc3 Bg7 6. Be3 Nf6 7. Bb5 0-0 8. Qd2 Ng4 9. 0-0-0 Nxe3 10. fxe3 Ne5 11. h3 d6 12. Nf3 a6 13. Bd3 Qa5 14. Nd4 Bd7 15. Nb3 Nxd3+ 16. Qxd3 Qg5 17. g4 Bxc3 18. Qxc3 Rfc8 19. Qd4 Be6 20. Qd3 Bc4 21. Qd4 Be2 22. Rd2 Rc4 23. Qd5 Qxd5 24. exd5 Bf3 25. Rf1 Be4 26. Rf4 Rac8 27. c3 g5 28. Rff2 b5 29. Rd4 Rxd4 30. exd4 Bxd5 31. Re2 e5 32. dxe5 dxe5 33. a3 Kg7 34. Nd2 f6 35. Re3 Rd8 36. Rd3 Kg6 37. Re3 e4 0-1